Análisis e interpretación de estados contables (Registro nro. 1213)

Detalles MARC
000 -LEADER
fixed length control field 01272 a2200241 4500
001 - CONTROL NUMBER
control field 24665
005 - DATE AND TIME OF LATEST TRANSACTION
control field 20260407155530.0
008 - FIXED-LENGTH DATA ELEMENTS--GENERAL INFORMATION
fixed length control field 260407a1989 arg spa d
003 - CONTROL NUMBER IDENTIFIER
control field AR-UNSa-BCEJYS
040 ## - CATALOGING SOURCE
Original cataloging agency AR-UNSa-BCEJYS
Language of cataloging spa
Transcribing agency AR-UNSa-BCEJYS
080 ## - UNIVERSAL DECIMAL CLASSIFICATION NUMBER
Universal Decimal Classification number 657.3
Common auxiliary subdivision Presupuestos. Cierre de Cuentas. Balances (Estados Contables)
020 ## - INTERNATIONAL STANDARD BOOK NUMBER
International Standard Book Number 950-99231-1-7
100 1# - MAIN ENTRY--PERSONAL NAME
Personal name Telias, Alejandro J.
245 10 - TITLE STATEMENT
Title Análisis e interpretación de estados contables
250 ## - EDITION STATEMENT
Edition statement 6a. ed
264 #1 - PRODUCTION, PUBLICATION, DISTRIBUTION, MANUFACTURE, AND COPYRIGHT NOTICE
Place of production, publication, distribution, manufacture Buenos Aires :
Name of producer, publisher, distributor, manufacturer Reisa
Date of production, publication, distribution, manufacture, or copyright notice 1989
300 ## - PHYSICAL DESCRIPTION
Extent 120 p.
Dimensions 23 cm.
505 ## - FORMATTED CONTENTS NOTE
Formatted contents note 1. Objetivos y destinatarios - 2. Antecedentes y evolución - 3. Composición vertical-estructura - 4. Análisis horizontal - tendencias - 5. Tasas de rentabilidad - 6. Formulas de Dupont - Margenes y rotaciones - 7. Capital de trabajo - 8. Indice de liquidez corriente - 9. Liquidez seca - 10. Liquidez total - 11. Endeudamiento - 12. Financiación de inmovilización - 13. El informe económico - 14. Muestra de empresas.
590 ## - LOCAL NOTE (RLIN)
Local note niveau_biblio:m niveau_hierar:0
700 1# - ADDED ENTRY--PERSONAL NAME
Personal name Senderovich, Isaac Aizik
856 41 - ELECTRONIC LOCATION AND ACCESS
Uniform Resource Identifier <a href="https://biblioeco.unsa.edu.ar/pmb/images/libros/An?lisis e interpretaci?n de estados contables Senderovich, Isaac A. (1989).jpg">https://biblioeco.unsa.edu.ar/pmb/images/libros/An?lisis e interpretaci?n de estados contables Senderovich, Isaac A. (1989).jpg</a>
Link text Imagen de portada
Electronic format type image/jpeg
942 ## - ADDED ENTRY ELEMENTS (KOHA)
Koha item type
Existencias
Withdrawn status Lost status Damaged status Not for loan Home library Current library Shelving location Date acquired Total checkouts Full call number Barcode Date last seen Price effective from Koha item type Public note
        Biblioteca Prof. Eusebio Cleto del Rey Biblioteca Prof. Eusebio Cleto del Rey   07/04/2026   657.3 S475 6ed. L58730 07/04/2026 07/04/2026 Libro SUBRAYADO C/ LAPICERA AZUL - HOJAS C/ CINTA - RESALTADO C/ VERDE - HÚMEDO - 1RAS Y ÚLTIMAS HOJAS DAÑADAS - RAYADO LEVE C/ LAPICERA ROJA
        Biblioteca Prof. Eusebio Cleto del Rey Biblioteca Prof. Eusebio Cleto del Rey   07/04/2026   657.3 S475 6ed. L65297 07/04/2026 07/04/2026 Libro HÚMEDO - MANCHADO
        Biblioteca Prof. Eusebio Cleto del Rey Biblioteca Prof. Eusebio Cleto del Rey   07/04/2026   657.3 S475 6ed. L65296 07/04/2026 07/04/2026 Libro FIBRA ROSADA Y VERDE PÁG. 17 - RAYADO C/ LÁPIZ - MANCHADO
        Biblioteca Prof. Eusebio Cleto del Rey Biblioteca Prof. Eusebio Cleto del Rey   07/04/2026   657.3 S475 6ed. L53161 07/04/2026 07/04/2026 Libro  
        Biblioteca Prof. Eusebio Cleto del Rey Biblioteca Prof. Eusebio Cleto del Rey   07/04/2026   657.3 S475 6ed. L58731 07/04/2026 07/04/2026 Libro HÚMEDO - 1RAS Y ÚLTIMAS HOJAS DAÑADAS - RAYADO LEVE C/ LAPICERA ROJA - LÁPIZ LEVE